000 01503nam2a22002291 4500
001 rc\367052
005 20250621064737.0
035 _a(NLR Aleph) 005634588
090 _a6605525
_c6605525
100 _a20030307d1989 |||y0rusy50 ca
101 0 _arus
102 _aRU
105 _ay |||||||||
200 1 _aОрганические реактивы
215 _a209 с.
320 _aАвт. указ.: с. 203-209
461 0 _1001rc\367051
_12001#$aСостояние и перспективы развития ассортимента химических реактивов для важнейших отраслей народного хозяйства и научных исследований$eТез. докл.$e[В 3 т.]$fIII Всесоюз. совещ. по хим. реактивам, 19-23 сент. 1989 г. [Ашхабад$gРедкол.: Д.Л. Рахманкулов (отв. ред.) и др.]$vТ. 1
_96605518
_cАшхабад
_d1989
_fIII Всесоюз. совещ. по хим. реактивам, 19-23 сент. 1989 г. [Ашхабад
_nУфим. нефт. ин-т
_oТез. докл. : [В 3 т.]
_tСостояние и перспективы развития ассортимента химических реактивов для важнейших отраслей народного хозяйства и научных исследований
_vТ. 1
801 0 _aRU
_bNLR
_gpsbo
801 1 _aRU
_bELAR
_2rusmarc
852 _aNLR
_j89-3/11247
942 _cBOOK
980 _aNB